[Event "Hamburg-ch MB"]
[Site "Hamburg"]
[Date "2011.10.09"]
[Round "9.4"]
[White "Rudenko, Nikolai"]
[Black "Lohse, Marcel"]
[Result "0-1"]
[WhiteElo "1991"]
[BlackElo "1910"]
[PlyCount "58"]
[EventDate "2011.10.09"]
[EventType "swiss"]
[EventRounds "9"]
[EventCountry "GER"]
[SourceTitle "EXT 2012"]
[Source "ChessBase"]
[SourceDate "2011.11.24"]
[SourceVersion "1"]
[SourceVersionDate "2011.11.24"]
[SourceQuality "1"]

1. e4 c5 2. Nf3 d6 3. Nc3 a6 4. d4 cxd4 5. Nxd4 Nc6 6. Bc4 e6 7. 0-0 Qc7 8. Be3 g6 9. f4 Bg7 10. Qd2 Nf6 11. Bb3 Ng4 12. Nxc6 Nxe3 13. Qxe3 Qxc6 14. f5 Qc5 15. Qxc5 dxc5 16. Na4 c4 17. Bxc4 b5 18. fxe6 fxe6 19. Bxb5+ axb5 20. Nc3 b4 21. Nb5 Be5 22. Rfd1 Ke7 23. c3 bxc3 24. bxc3 Rd8 25. Nd4 Bb7 26. Rd2 Bxd4+ 27. cxd4 Bxe4 28. Rc1 Ra4 29. Re1 Rdxd4 0-1

[Event "Hamburg-ch MB"]
[Site "Hamburg"]
[Date "2011.10.07"]
[Round "7.1"]
[White "Hinrichs, Jan"]
[Black "Lohse, Marcel"]
[Result "0-1"]
[WhiteElo "1994"]
[BlackElo "1910"]
[PlyCount "88"]
[EventDate "2011.10.09"]
[EventType "swiss"]
[EventRounds "9"]
[EventCountry "GER"]
[SourceTitle "EXT 2012"]
[Source "ChessBase"]
[SourceDate "2011.11.24"]
[SourceVersion "1"]
[SourceVersionDate "2011.11.24"]
[SourceQuality "1"]

1. d4 Nf6 2. c4 e6 3. g3 d5 4. Nf3 Be7 5. Bg2 0-0 6. 0-0 Nbd7 7. b3 dxc4 8. bxc4 Nb6 9. Qc2 Qd7 10. a4 a5 11. e4 c5 12. d5 exd5 13. cxd5 Re8 14. Bf4 Nh5 15. Be3 Qc7 16. Nc3 Bd7 17. e5 Qc8 18. h3 Bxh3 19. Bxh3 Qxh3 20. d6 Bd8 21. Bxc5 Re6 22. Bxb6 Nxg3 23. fxg3 Bxb6+ 24. Rf2 Rh6 25. Nh4 Qxg3+ 26. Ng2 Bxf2+ 27. Qxf2 Rh1+ 28. Kxh1 Qxf2 29. Nb5 Ra6 30. e6 fxe6 31. Re1 Kf7 32. Re4 g5 33. Ne1 Rc6 34. Ng2 Rc2 35. Rg4 h6 36. Nd4 Rd2 37. Nb3 Rxd6 38. Nxa5 Qf3 39. Nc4 Rd5 40. Nce3 Rc5 41. Rd4 Rc3 42. Ng4 Qh3+ 43. Nh2 Rc1+ 44. Ne1 Rxe1# 0-1

[Event "Hamburg-ch MB"]
[Site "Hamburg"]
[Date "2011.10.01"]
[Round "2.3"]
[White "Lohse, Marcel"]
[Black "Seidel, Mika"]
[Result "1/2-1/2"]
[WhiteElo "1910"]
[BlackElo "1884"]
[PlyCount "130"]
[EventDate "2011.10.09"]
[EventType "swiss"]
[EventRounds "9"]
[EventCountry "GER"]
[SourceTitle "EXT 2012"]
[Source "ChessBase"]
[SourceDate "2011.11.24"]
[SourceVersion "1"]
[SourceVersionDate "2011.11.24"]
[SourceQuality "1"]

1. e4 c5 2. Nf3 e6 3. d4 cxd4 4. Nxd4 a6 5. Bd3 Qc7 6. Be3 Nf6 7. f4 d6 8. 0-0 Be7 9. Nc3 0-0 10. Qf3 b5 11. g4 Bb7 12. g5 Nfd7 13. f5 Ne5 14. Qg3 Nxd3 15. cxd3 e5 16. Nf3 Re8 17. f6 Bf8 18. Qh4 g6 19. Rac1 Qd7 20. Nd2 Bc8 21. Nd5 Nc6 22. Nb6 Qb7 23. Nxa8 Qxa8 24. Rc2 Nb4 25. Rc3 Nxa2 26. Ra3 Nb4 27. Rc1 Be6 28. Qe1 Rc8 29. Rac3 Rd8 30. Ra1 d5 31. d4 dxe4 32. dxe5 Nd3 33. Qh4 Nxe5 34. Qxe4 Qb8 35. Rxa6 Bf5 36. Qf4 Qb7 37. Ra7 Qd5 38. Rac7 Bd6 39. R7c5 Qe6 40. Qd4 Ng4 41. Kg2 Re8 42. Rd5 Be5 43. Rxe5 Qxe5 44. Qxe5 Rxe5 45. Nf1 Be6 46. Rd3 Nxe3+ 47. Nxe3 Rxg5+ 48. Kf2 h6 49. h4 Rc5 50. Kg3 Rc1 51. Rd1 Rc6 52. Rd8+ Kh7 53. Rb8 Bc4 54. Nxc4 bxc4 55. Rb4 g5 56. h5 c3 57. bxc3 Rxc3+ 58. Kg4 Rc6 59. Kf5 Rc8 60. Ke5 Kg8 61. Rd4 Kf8 62. Kf5 Rc5+ 63. Kg4 Ke8 64. Re4+ Kf8 65. Rd4 Ke8 1/2-1/2

[Event "Dortmund Sparkassen op-B"]
[Site "Dortmund"]
[Date "2008.07.05"]
[Round "8"]
[White "Lohse, Marcel"]
[Black "Hennrotte, Nils"]
[Result "0-1"]
[WhiteElo "1609"]
[BlackElo "1473"]
[PlyCount "112"]
[EventDate "2008.06.30"]
[EventType "swiss"]
[EventRounds "9"]
[EventCountry "GER"]
[SourceTitle "EXT 2022"]
[Source "ChessBase"]
[SourceDate "2021.10.06"]
[SourceVersion "1"]
[SourceVersionDate "2021.10.06"]
[SourceQuality "1"]

1. e4 e5 2. Nf3 Nc6 3. d4 exd4 4. Nxd4 Bc5 5. c3 Nge7 6. Bc4 0-0 7. Bg5 Kh8 8. 0-0 f6 9. Be3 Nxd4 10. cxd4 Bb6 11. Nc3 d6 12. Qh5 Qe8 13. Qh4 Ng6 14. Qh5 Ne7 15. Qf3 Qg6 16. Ne2 Nc6 17. Nf4 Qg4 18. Rad1 Qxf3 19. gxf3 f5 20. Ne6 Bxe6 21. Bxe6 f4 22. Bc1 Nxd4 23. Bc4 Nxf3+ 24. Kh1 Ne5 25. Be6 Rf6 26. Bd5 c6 27. Bb3 Ng4 28. f3 Nf2+ 29. Rxf2 Bxf2 30. Bd2 Rd8 31. Bc3 Rff8 32. Rd2 Be1 33. Rd4 Bxc3 34. bxc3 h6 35. Rb4 b5 36. a4 a6 37. Rd4 Rfe8 38. c4 b4 39. Kg2 a5 40. h4 c5 41. Rd5 Re5 42. Rd1 Kg8 43. Kh3 Kf7 44. Rg1 Kf6 45. Rg4 Rf8 46. Rg1 h5 47. Rd1 Ke7 48. Rg1 Kf6 49. Bc2 g5 50. hxg5+ Rxg5 51. Rd1 Ke7 52. Rd5 Rxd5 53. exd5 Kf6 54. Kh4 Rg8 55. Kxh5 Ke5 56. Bg6 Rxg6 0-1